000 01311nam a2200325 a 4500
001 000004173
003 DO-SdBNP
005 20240228184146.0
007 ta
008 090717s2008 dr ac 001 0 spa d
020 _a9789945443219
040 _aDO-SdBNP
_bspa
_cBNPHU
082 4 _a306.097293
_bV145c
_222
100 1 _aValdez Albizu, Héctor,
_d1947-
_912322
245 1 3 _aLa cultura en el Banco Central /
_cHéctor Valdez Albizu ; fotografías Alfredo Antonio Gell Gómez, Luis Manuel Ferreras Hernández.
260 _aSanto Domingo :
_bBanco Central de la República Dominicana,
_c2008.
300 _a186 p. :
_bil., retrs. ;
_c23 cm.
490 1 _aBanco Central de la República Dominicana
_v104
490 1 _aArte y literatura
_v43
500 _aIncluye índice
590 _aInventariado, 2018/MFF
610 2 _aBanco Central de la República Dominicana
_xMecenazgo artístico
_912323
650 4 _aCultura
_zRepública Dominicana
_91983
700 1 2 _aGell Gómez, Alfredo Antonio
_912324
700 1 2 _aFerreras Hernández, Luis Manuel
_912325
710 2 _aBanco Central de la República Dominicana
_bDepartamento Cultural
_97006
830 0 _aBanco Central de la República Dominicana
_n104
_pArte y literatura
_n43
_912326
910 _aValidado. Control de la calidad. MFF
942 _2ddc
_cLBS1
999 _c3988
_d3988